书目信息 |
| 题名: |
英汉遗传学词典
|
|
| 作者: | 雷代伊 编著 ;许宝孝 , 印木泉 , 余应年 译 | |
| 分册: | ||
| 出版信息: | 上海 上海科学技术出版社 2004.08 |
|
| 页数: | 821页 | |
| 开本: | 29cm | |
| 丛书名: | ||
| 单 册: | ||
| 中图分类: | Q3-61 | |
| 科图分类: | ||
| 主题词: | 遗传学--yi chuan xue--英语--汉语--词典 | |
| 电子资源: | ||
| ISBN: | 7-5323-7069-0 | |
| 000 | 01137nam0 2200289 450 | |
| 001 | 012008829352 | |
| 005 | 20080419164031.48 | |
| 010 | @a7-5323-7069-0@b精装@dCNY180.00 | |
| 100 | @a20080419d2004 em y0chiy0120 ea | |
| 101 | 1 | @achi@ceng |
| 102 | @aCN@b310000 | |
| 105 | @aa e 000yy | |
| 106 | @ar | |
| 200 | 1 | @a英汉遗传学词典@Aying han yi chuan xue ci dian@f乔治·雷代伊编著@Fqiao zhi·lei dai yi bian zhu@g许宝孝 ... [等] 译@Gxu bao xiao...[deng]yi |
| 210 | @a上海@c上海科学技术出版社@d2004.08 | |
| 215 | @a821页@c图@d29cm | |
| 304 | @a题名页题: 许宝孝, 印木泉, 余应年, 蔡武城译 | |
| 305 | @a据美国World scientific publishing co. pte. ltd. 1998年英文版译出。 | |
| 330 | @a本词典共收约18000个词条,涉及现代遗传学、细胞及分子生物学、生物统计学及与遗传学有关的学科知识在内的新理论、新概念、新术语。 | |
| 606 | 0 | @a遗传学@Ayi chuan xue@x英语@x汉语@j词典 |
| 690 | @aQ3-61@v4 | |
| 701 | 1 | @a雷代伊@Alei dai yi@g(Rédei, George P.)@4编著 |
| 702 | 0 | @a许宝孝@Axu bao xiao@4译 |
| 702 | 0 | @a印木泉@Ayin mu quan@4译 |
| 702 | 0 | @a余应年@Ayu ying nian@4译 |
| 801 | 0 | @aCN@bQSSK@c20080419 |
| 905 | @b292916@dQ3-61@eL082@f1 | |
| 英汉遗传学词典/乔治·雷代伊编著/许宝孝 ... [等] 译.-上海:上海科学技术出版社,2004.08 |
| 821页:图;29cm |
| ISBN 7-5323-7069-0(精装):CNY180.00 |
| 本词典共收约18000个词条,涉及现代遗传学、细胞及分子生物学、生物统计学及与遗传学有关的学科知识在内的新理论、新概念、新术语。 |
| ● |
| 相关链接 |
|
|
|
正题名:英汉遗传学词典
索取号:Q3-61/L082
 
预约/预借
| 序号 | 登录号 | 条形码 | 馆藏地/架位号 | 状态 | 备注 |
| 1 | 292916 | 202929162 | 自科库401/401自科库 27排2列3层/ [索取号:Q3-61/L082] | 在馆 |